[Event "Como Province-ch"]
[Site "Mariano Comense"]
[Date "2002.02.16"]
[Round "4"]
[White "Nacca, Bruno"]
[Black "Bellotto, Stefano"]
[Result "0-1"]
[WhiteElo "1630"]
[BlackElo "1710"]
[PlyCount "40"]
[EventDate "2002.02.09"]
[EventType "swiss"]
[EventRounds "6"]
[EventCountry "ITA"]
[SourceTitle "EXT 2024"]
[Source "ChessBase"]
[SourceDate "2023.10.10"]
[SourceVersion "1"]
[SourceVersionDate "2023.10.10"]
[SourceQuality "1"]

1. d4 d6 2. Nf3 f5 3. Bf4 g6 4. c3 Bg7 5. g3 Nf6 6. Qb3 e6 7. Bg2 Nc6 8. Ng5 Qe7 9. Qb5 0-0 10. 0-0 Nd8 11. Nd2 h6 12. Ngf3 g5 13. Be3 Nd5 14. Nb3 Bd7 15. Qd3 a5 16. Rac1 a4 17. Na1 b5 18. c4 bxc4 19. Qxc4 Rb8 20. Rc2 Bb5 0-1

[Event "Como Province-ch"]
[Site "Mariano Comense"]
[Date "2002.02.10"]
[Round "3"]
[White "Colombo, Samuel"]
[Black "Nacca, Bruno"]
[Result "0-1"]
[WhiteElo "1500"]
[BlackElo "1630"]
[PlyCount "108"]
[EventDate "2002.02.09"]
[EventType "swiss"]
[EventRounds "6"]
[EventCountry "ITA"]
[SourceTitle "EXT 2024"]
[Source "ChessBase"]
[SourceDate "2023.10.10"]
[SourceVersion "1"]
[SourceVersionDate "2023.10.10"]
[SourceQuality "1"]

1. d4 Nf6 2. c4 g6 3. Nc3 Bg7 4. e4 d6 5. Nf3 0-0 6. Be2 e5 7. d5 a5 8. 0-0 Na6 9. Bg5 h6 10. Bxf6 Bxf6 11. Nd2 Bg5 12. Nf3 Be7 13. Qd2 Kh7 14. h3 f5 15. exf5 gxf5 16. Kh1 Nc5 17. Rg1 Rg8 18. Qc2 Kh8 19. Nh2 Bg5 20. Nf3 Bh4 21. Qd2 f4 22. g3 Bg5 23. Nxg5 hxg5 24. g4 Qf6 25. f3 Qh6 26. Bf1 Bd7 27. Kg2 Kg7 28. Rh1 Rh8 29. Kg1 b6 30. Qc2 Be8 31. Re1 Bg6 32. Qd2 Qh7 33. Rh2 Rhe8 34. Nb5 Re7 35. b3 Kg8 36. Nc3 Rae8 37. Qf2 e4 38. fxe4 Bxe4 39. Nxe4 Rxe4 40. Rxe4 Qxe4 41. Qc2 Qe3+ 42. Rf2 Ne4 43. Bg2 Qxf2+ 44. Qxf2 Nxf2 45. Kxf2 Re3 46. Bf1 Rc3 47. Kg1 Rc2 48. a3 Rb2 49. b4 axb4 50. axb4 Rxb4 51. Kf2 Rb3 52. Ke2 Kg7 53. Kd2 Kf6 54. Kc2 Re3 0-1